000 00728nam a22002177a 4500
003 OSt
005 20220915175856.0
008 220915b |||||||| |||| 00| 0 eng d
020 _a980-07-4558-0
040 _cBiblioteca Lado V
082 _a700.9
_bP538c
100 _aPhelps de Cisneros, Patricia
245 _aColeccionar en America Latina/
260 _aMadrid
_bEditorial Arte
300 _a53p.
_c22.5x25.5cm
650 _2Tesauro de Arte & Arquitectura
_aCOLECCION DE ARTE
650 _2Tesauro de Arte & Arquitectura
_aARTE AMERICA LATINA
650 _2Tesauro de Arte & Arquitectura
_aCONFERENCIA
650 _2Tesauro de Arte & Arquitectura
_aTEORIA
942 _2ddc
_c1
_h700.9
_iP538c
_n0
999 _c2041
_d2041